Statistieken voor Wielrennen - World Tour Teams 2023

Klik hier om de quiz te nemen!

Algemene statistieken

  • Deze quiz is 76 keer genomen
  • De gemiddelde score is 11 van 18

Antwoordstatistieken

Land van oorsprongTeam% Correct
NederlandJumbo - Visma
96%
Verenigde Arabische EmiratenUAE Team Emirates
92%
KazachstanAstana Qazaqstan Team
84%
FrankrijkAG2R Citroën Team
75%
Verenigd KoninkrijkINEOS Grenadiers
75%
SpanjeMovistar Team
71%
BelgiëAlpecin - Deceuninck
67%
FrankrijkGroupama - FDJ
67%
BelgiëSoudal - Quick Step
67%
NederlandTeam DSM
63%
DuitslandBORA - hansgrohe
61%
Verenigde StatenTrek - Segafredo
51%
BelgiëIntermarché - Circus - Wanty
43%
AustraliëTeam Jayco AlUla
43%
FrankrijkCofidis
41%
FrankrijkTeam Arkéa Samsic
41%
BahreinBahrain-Victorious
35%
Verenigde StatenEF Education - EasyPost
25%

Scoreverdeling

Percentiel versus Aantal Correcte Antwoorden

Procent van Mensen met Elke Score

Uw Scoregeschiedenis

U heeft deze quiz nog niet genomen